[Event "XXI Adolf Anderssen Mem Prelim"]
[Site "Wroclaw POL"]
[Date "2012.06.30"]
[Round "4"]
[White "Krasenkow,M"]
[Black "Szczepkowska Horowska,K"]
[Result "1-0"]
[WhiteElo "2604"]
[BlackElo "2387"]

1.d4 Nf6 2.c4 d6 3.Nc3 Nbd7 4.e4 e5 5.Nf3 Be7 6.d5 O-O 7.Bd3 Nh5 8.g3 a5
9.Bc2 g6 10.Bh6 Re8 11.Qd2 Nc5 12.h3 Bf8 13.Be3 f5 14.exf5 gxf5 15.g4 Nf4
16.O-O-O e4 17.Bxf4 exf3 18.gxf5 Qf6 19.Rhg1+ Kh8 20.Bg5 Qf7 21.Qf4 Re5 22.Qh4 Bg7
23.f6 Bf8 24.Bh6 Bf5 25.Bg7+ Kg8 26.Bxf5 Rxf5 27.Rg4 Qh5 28.Qg3 Kf7 29.Nb5 Bxg7
30.fxg7 Kg8 31.Nxc7 Rc8 32.Nb5 Qh6+ 33.Kb1 Rf6 34.Nd4 Re8 35.Rh4 Qxg7 36.Rg4 Rg6
37.Nf5 Qf6 38.Qxf3 Rxg4 39.hxg4 Na4 40.Nd4 Qxf3 41.Nxf3 Re4 42.Rd4 Re2 43.Rd2 Re4
44.b3 Nc5 45.g5 Kg7 46.Nd4 Kg6 47.Nb5 Re1+ 48.Kc2 Ne4 49.Rd4 Kxg5 50.f3 Nc5
51.Nxd6 h5 52.Ne4+ Nxe4 53.fxe4 Rf1 54.e5 Rf8 55.e6 h4 56.e7 Re8 57.d6 h3
58.d7 h2 59.Rd1  1-0

[Event "XXI Adolf Anderssen Mem Prelim"]
[Site "Wroclaw POL"]
[Date "2012.06.30"]
[Round "5"]
[White "Stachowiak,K"]
[Black "Krasenkow,M"]
[Result "1-0"]
[WhiteElo "2427"]
[BlackElo "2604"]

1.d4 d5 2.Nf3 c6 3.c4 e6 4.e3 Bd6 5.Nc3 f5 6.Bd3 Nf6 7.Qc2 Ne4 8.b3 O-O 9.Bb2 Nd7
10.O-O-O a5 11.Na4 b5 12.cxb5 Bb7 13.Kb1 Rc8 14.Qe2 Nb6 15.Nc5 Nxc5 16.dxc5 Bxc5
17.Rc1 cxb5 18.Bxb5 Qe7 19.Rc2 a4 20.Rhc1 axb3 21.axb3 Ba3 22.Rxc8 Nxc8 23.Nd4 Bxb2
24.Qxb2 e5 25.Nf3 d4 26.exd4 Be4+ 27.Ka2 Nb6 28.Bc6 Bxc6 29.Rxc6 Nd5 30.Kb1 e4
31.Ne5 f4 32.Qc2 e3 33.Qc4 Rd8 34.fxe3 fxe3 35.Rc8 e2 36.Qxd5+  1-0

[Event "XXI Adolf Anderssen Mem Prelim"]
[Site "Wroclaw POL"]
[Date "2012.06.30"]
[Round "6"]
[White "Krasenkow,M"]
[Black "Szromba,K"]
[Result "1-0"]
[WhiteElo "2604"]
[BlackElo "2182"]

1.Nf3 f5 2.d3 Nf6 3.e4 d6 4.e5 dxe5 5.Nxe5 Nbd7 6.Bf4 e6 7.d4 Nxe5 8.Bxe5 Bd6
9.Nc3 c6 10.Qe2 O-O 11.O-O-O Qc7 12.Bxd6 Qxd6 13.Qf3 Bd7 14.Bc4 b5 15.Bb3 Nd5
16.Ne2 a5 17.Bxd5 exd5 18.Qf4 Qf6 19.Qc7 Qd8 20.Qxd8 Raxd8 21.Nf4 Kf7 22.Nd3 Ke7
23.f4 Kd6 24.Ne5 Be8 25.Kd2 Bh5 26.Rde1 b4 27.Re3 c5 28.dxc5+ Kxc5 29.a3 Rfe8
30.axb4+ axb4 31.Ra1 Ra8 32.Rxa8 Rxa8 33.Nd3+ Kc4 34.Re7 Ra1 35.Rc7+ Kb5
36.Rc5+ Kb6 37.Rxd5 Rg1 38.Ne1 Rf1 39.Nd3 Rg1 40.Nxb4 Rxg2+ 41.Kc3 Rxh2 42.Rxf5 Bg6
43.Rg5 Rf2 44.Nd3 Rf3 45.Rg4 Kc7 46.Kd4 Kd6 47.Ne5  1-0

[Event "XXI Adolf Anderssen Mem Prelim"]
[Site "Wroclaw POL"]
[Date "2012.06.30"]
[Round "7"]
[White "Dobrowolski,A"]
[Black "Krasenkow,M"]
[Result "0-1"]
[WhiteElo "2321"]
[BlackElo "2604"]

1.e4 c5 2.Nf3 Nc6 3.d4 cxd4 4.Nxd4 Nf6 5.Nc3 e5 6.Ndb5 d6 7.Bg5 a6 8.Na3 Be7
9.Nd5 b5 10.Bxf6 Bxf6 11.c4 O-O 12.h4 b4 13.Nc2 Be6 14.g3 Rb8 15.Qd3 a5 16.Rd1 a4
17.b3 axb3 18.axb3 Bxd5 19.cxd5 Nd4 20.Nxd4 exd4 21.Bh3 Qc7 22.O-O Qc3 23.Qb1 Rfe8
24.Rc1 Qd2 25.Rc6 Rbd8 26.Bg2 g5 27.Rd1 Qe2 28.hxg5 Bxg5 29.Qd3 Qxd3 30.Rxd3 Bf6
31.Rd1 Kg7 32.Kf1 h5 33.Ke2 h4  0-1

[Event "XXI Adolf Anderssen Mem Prelim"]
[Site "Wroclaw POL"]
[Date "2012.06.30"]
[Round "9"]
[White "Jagodzinski,P"]
[Black "Krasenkow,M"]
[Result "0-1"]
[WhiteElo "2186"]
[BlackElo "2604"]

1.e4 g6 2.h4 c5 3.Nc3 Bg7 4.Nf3 Nc6 5.Bc4 e6 6.d3 Nge7 7.h5 d5 8.Bb5 d4 9.Bxc6+ Nxc6
10.Ne2 e5 11.Ng3 Bg4 12.Bd2 Qd7 13.Qc1 Bxf3 14.gxf3 O-O-O 15.Bg5 f6 16.h6 fxg5
17.hxg7 Qxg7 18.Qxg5 Qf7 19.Qg4+ Kb8 20.Nf1 c4 21.Nd2 Nb4 22.Nxc4 Nxc2+ 23.Ke2 Nxa1
24.Rxa1 Qf6 25.Qg3 Rde8 26.a4 h5 27.a5 h4 28.Qh3 Qe6 29.Qh2 g5 30.Rg1 Rhg8
31.Rg4 Qf6 32.Rg1 Qf4 33.Qh3 Ref8 34.Rg4 Qc1 35.Qh2 Qc2+ 36.Nd2 Rf4 37.Qg2 Rxg4
38.Qxg4 Qc8 39.Qh5 h3 40.Nc4 Rh8 41.Qxg5 h2 42.Qxe5+ Ka8  0-1

[Event "XXI Adolf Anderssen Mem KO"]
[Site "Wroclaw POL"]
[Date "2012.07.01"]
[Round "2.2"]
[White "Hnydiuk,A"]
[Black "Krasenkow,M"]
[Result "0-1"]
[WhiteElo "2427"]
[BlackElo "2633"]

1.d4 Nf6 2.c4 g6 3.Nf3 Bg7 4.g3 c6 5.Nc3 d5 6.Qb3 O-O 7.Bg2 dxc4 8.Qxc4 Bf5
9.O-O Nbd7 10.Bf4 Qb6 11.Na4 Qa5 12.Qb3 Be6 13.Qa3 b5 14.Nc3 Qxa3 15.bxa3 Nd5
16.Bd2 Nxc3 17.Bxc3 Bd5 18.Nd2 Bxg2 19.Kxg2 c5 20.Nb3 Rac8 21.Rac1 cxd4 22.Bxd4 Rc4
23.Rfd1 Nb6 24.Bxb6 axb6 25.Rd5 Bb2 26.Rcd1 Bxa3 27.Rxb5 Rb8 28.Rd2 Ra4 29.Rc2 Bd6
30.e3 Rba8 31.Rxb6 Rxa2 32.Rxa2 Rxa2 33.Nc1 Rd2 34.Rb3 e5 35.g4 e4 36.Rc3 Kg7
37.Rc4 f5 38.gxf5 gxf5 39.Nb3 Rd5 40.Nd4 Kf6 41.Rc8 f4 42.h4 Bc5 43.Rc6+ Kf7
44.Rc7+ Kf6 45.Rc6+ Kf7 46.Ne6 fxe3 47.fxe3 Bxe3 48.Kf1 Re5 49.Nc7 Bf4 50.Na6 Ra5
51.Nc5 Ra1+ 52.Kg2 Ra2+ 53.Kh3 h5  0-1

[Event "XXI Adolf Anderssen Mem KO"]
[Site "Wroclaw POL"]
[Date "2012.07.01"]
[Round "2.1"]
[White "Krasenkow,M"]
[Black "Hnydiuk,A"]
[Result "1-0"]
[WhiteElo "2633"]
[BlackElo "2427"]

1.d4 d5 2.c4 c6 3.Nc3 Nf6 4.e3 a6 5.Qc2 g6 6.Bd3 Bg7 7.Nf3 Bg4 8.Ne5 Be6
9.O-O Nfd7 10.Nxd7 Nxd7 11.c5 f5 12.Bd2 Bf7 13.f4 Nf6 14.b4 Ne4 15.a4 g5
16.Bxe4 fxe4 17.fxg5 e5 18.Ne2 Qxg5 19.dxe5 Bxe5 20.Nf4 Bxa1 21.Rxa1 h5 22.Bc3 Rg8
23.Bd4 Kd7 24.Qb2 Qg4 25.Rf1 Be6 26.b5 axb5 27.axb5 Ra7 28.Be5 Rga8 29.bxc6+ bxc6
30.Bb8  1-0

[Event "XXI Adolf Anderssen Mem KO"]
[Site "Wroclaw POL"]
[Date "2012.07.01"]
[Round "3.2"]
[White "Krasenkow,M"]
[Black "Vysochin,S"]
[Result "1-0"]
[WhiteElo "2633"]
[BlackElo "2533"]

1.Nf3 d5 2.d4 Nf6 3.c4 e6 4.Nc3 Be7 5.Bg5 h6 6.Bxf6 Bxf6 7.e3 O-O 8.Rc1 c6
9.Bd3 Nd7 10.O-O dxc4 11.Bxc4 e5 12.Ne4 exd4 13.Nxf6+ Nxf6 14.Qxd4 Qe7 15.Qe5 Qxe5
16.Nxe5 Be6 17.Bxe6 fxe6 18.Rfd1 Rfd8 19.f3 Rd5 20.Ng6 Kf7 21.Nf4 Rb5 22.Nd3 Ke7
23.e4 Rd8 24.b3 Nd7 25.Kf2 a5 26.Ke2 Ra8 27.Nb2 Nb6 28.Nd3 Nd7 29.Nb2 Nc5
30.Nc4 Nd7 31.Nb2 e5 32.Rd2 Rc8 33.Nc4 Rc7 34.Rcd1 Rc5 35.Ne3 g6 36.Rd6 Nf8
37.Rd8 Ne6 38.Rh8 Nd4+ 39.Kf2 h5 40.Rh7+ Kd6 41.Rh6 Rg7 42.Nf5+ Ke6 43.Nxg7+ Kf7
44.Nxh5 Rc2+ 45.Kf1 gxh5 46.Rxh5 Rxa2 47.Rxe5 Nxb3 48.Rd7+ Kf6 49.Rf5+ Ke6
50.Rxb7 a4 51.Rh5 Nd2+ 52.Ke1 a3 53.Ra7 Kd6 54.Ra4 Nb3 55.e5+ Kd5 56.f4 Nd4
57.e6+ Ke4 58.e7  1-0

[Event "XXI Adolf Anderssen Mem KO"]
[Site "Wroclaw POL"]
[Date "2012.07.01"]
[Round "3.1"]
[White "Vysochin,S"]
[Black "Krasenkow,M"]
[Result "0-1"]
[WhiteElo "2533"]
[BlackElo "2633"]

1.e4 c5 2.c3 d5 3.exd5 Qxd5 4.Nf3 Nf6 5.d4 e6 6.Be2 cxd4 7.cxd4 Nc6 8.O-O Be7
9.Nc3 Qa5 10.Be3 O-O 11.a3 Nd5 12.Rc1 Rd8 13.Qb3 Nxe3 14.fxe3 Bd7 15.Ne4 Be8
16.Nc5 Qb6 17.Qa2 e5 18.b4 exd4 19.exd4 Nxd4 20.Nxd4 Rxd4 21.Bc4 Bf6 22.Rce1 Qc6
23.Rf5 b6 24.b5 Qc8 25.Rxf6 gxf6 26.Ne4 Qxc4 27.Nxf6+ Kf8 28.Qf2 Rf4 29.Nxh7+ Kg7
30.Qg3+ Kxh7 31.h3 Bxb5 32.Re5 Qd4+  0-1

[Event "XLII Rilton Cup"]
[Site "Stockholm SWE"]
[Date "2012.12.28"]
[Round "2.4"]
[White "Krasenkow,M"]
[Black "Westerberg,J"]
[Result "1-0"]
[WhiteElo "2628"]
[BlackElo "2320"]

1.d4 Nf6 2.Nf3 e6 3.c4 c5 4.d5 b5 5.dxe6 fxe6 6.cxb5 a6 7.e3 Be7 8.Nbd2 O-O
9.b3 axb5 10.Bxb5 Ba6 11.Bxa6 Nxa6 12.O-O d5 13.Bb2 Nb4 14.Qb1 h6 15.e4 Nh5
16.a3 Nc6 17.exd5 exd5 18.Qg6 Bf6 19.Bxf6 Nxf6 20.Rfe1 Qd6 21.Nh4 Ra7 22.Nf5 Qf4
23.Nf3 Rc7 24.Re6 Nd4 25.N3xd4 cxd4 26.g3 Qf3 27.Nxd4 Qc3 28.Rd1 Ne4 29.Rc6 Rxc6
30.Qxc6 Rxf2  1-0

[Event "XLII Rilton Cup"]
[Site "Stockholm SWE"]
[Date "2012.12.29"]
[Round "3.3"]
[White "Kristiansen,Jen"]
[Black "Krasenkow,M"]
[Result "0-1"]
[WhiteElo "2454"]
[BlackElo "2628"]

1.d4 Nf6 2.Nf3 g6 3.c4 Bg7 4.Nc3 d5 5.e3 O-O 6.cxd5 Nxd5 7.Bc4 Nxc3 8.bxc3 c5
9.O-O Qc7 10.Qe2 Bg4 11.Bb3 Nd7 12.h3 Bxf3 13.Qxf3 e5 14.Rd1 c4 15.Bc2 f5
16.Qd5+ Rf7 17.Rb1 Nb6 18.Qa5 exd4 19.cxd4 Rd7 20.Rb5 Qd8 21.d5 a6 22.Rb4 Nxd5
23.Qxd8+ Raxd8 24.Rxc4 h5 25.e4 Nc3 26.Rxd7 Rxd7 27.Bb3 Kh7 28.exf5 gxf5
29.Be3 Ne2+ 30.Kf1 Nd4 31.Bxd4 Bxd4 32.Bc2 Kg6 33.g4 hxg4 34.hxg4 Kg5 35.Bxf5 Rd6
36.Ke2 b5 37.Rc8 Kf4 38.Re8 Be5 39.Bd3 Rd5 40.f3 Bf6 41.Be4 Rd6 42.Rc8 Be5
43.Rf8+ Bf6 44.Re8 b4 45.Bd3 a5 46.Re4+ Kg5 47.Ke3 Kh4 48.Be2 Kg3 49.Bd3 Bg5+
50.Ke2 Rh6 51.Re5 Rh2+ 52.Ke1 Bf4 53.Rxa5 Kxf3 54.Bf1 Rc2 55.Rd5 Rxa2 56.Bc4 Rc2
57.Bb3 Rc3 58.Bd1+ Ke3 59.g5 Rc6 60.Rb5 Rc1 61.Rxb4 Bg3+ 62.Kf1 Rxd1+ 63.Kg2 Bf4
64.Rb3+ Ke4 65.g6 Rd6 66.Rb4+ Ke3 67.Rb3+ Ke2 68.Rb2+ Bd2 69.Kg3 Rxg6+ 70.Kh4 Ke3
71.Kh5 Rg2 72.Rb8 Kf3 73.Rb2 Rg5+ 74.Kh6 Bf4 75.Kh7 Ke4 76.Rb7 Be5 77.Rf7 Kd5
78.Kh6 Rg1 79.Kh5 Ke6 80.Rf2 Bf6 81.Ra2 Rg3 82.Ra6+ Kf5 83.Ra5+ Be5 84.Kh4 Rb3
85.Rc5 Rb8 86.Kh3 Rb2  0-1

[Event "XLII Rilton Cup"]
[Site "Stockholm SWE"]
[Date "2012.12.30"]
[Round "4.1"]
[White "Krasenkow,M"]
[Black "Ivanov,Sergey1"]
[Result "1-0"]
[WhiteElo "2628"]
[BlackElo "2550"]

1.Nf3 Nf6 2.c4 e6 3.Nc3 Bb4 4.g4 d6 5.g5 Nfd7 6.Qc2 Nc6 7.a3 Bxc3 8.Qxc3 e5
9.b4 Qe7 10.Rg1 Nb6 11.b5 Nd8 12.a4 a5 13.d4 e4 14.Nd2 Bf5 15.d5 Qe5 16.Qxe5+ dxe5
17.Bb2 f6 18.gxf6 gxf6 19.Rg3 Nf7 20.Bg2 h5 21.h4 O-O-O 22.Bc3 Rhg8 23.e3 Nd6
24.Bf1 Bg4 25.Bxa5 Nf5 26.Nxe4 Nxg3 27.Nxg3 f5 28.d6 Na8 29.c5 b6 30.dxc7 Kxc7
31.Bc3 Rge8 32.c6 Rd5 33.Be2 f4 34.Ne4 Bxe2 35.Kxe2 Rf8 36.f3 Kc8 37.Rg1 Nc7
38.Rg5 fxe3 39.Kxe3 Rd1 40.Bxe5 Re1+ 41.Kd2 Rf1 42.Bxc7 Kxc7 43.Rg7+ Kb8
44.c7+ Ka8 45.Nd6 Rf2+ 46.Kd1 Rf1+ 47.Ke2 Rc1 48.Rd7 Rc3 49.Rd8+ Ka7 50.c8=N+  1-0

[Event "XLII Rilton Cup"]
[Site "Stockholm SWE"]
[Date "2013.01.03"]
[Round "7.1"]
[White "Socko,B"]
[Black "Krasenkow,M"]
[Result "1/2-1/2"]
[WhiteElo "2631"]
[BlackElo "2628"]

1.c4 e5 2.Nc3 d6 3.g3 g6 4.Bg2 Bg7 5.Nf3 Nc6 6.O-O f5 7.d3 Nf6 8.Rb1 a5 9.a3 O-O
10.b4 axb4 11.axb4 h6 12.b5 Ne7 13.Bb2 Be6 14.Ra1 Qd7 15.Qb3 Kh7 16.Nd2 c6
17.Ra4 f4 18.Rfa1 Rab8 19.Ra7 c5 20.Nde4 Bh3 21.Nxf6+ Bxf6 22.Ne4 Bxg2 23.Kxg2 Qe6
24.Qc3 Bg7 25.Qe1 Ng8 26.f3 Nf6 27.Nxf6+ Bxf6 28.e4 g5 29.g4 h5 30.h3 Rh8
31.Qe2 Kg6 32.Rh1 Qd7 33.Raa1 Rh6 34.Rh2 Rbh8 35.Rah1 Bd8 36.Bc3 Bb6 37.Kf1 Qd8
38.Qa2 Qa8 39.Qxa8 Rxa8 40.h4 gxh4 41.Rxh4 Ra3 42.gxh5+ Kf7 43.Bd2 Rxd3 44.Ke2 Ra3
45.Rg1 Ba5 46.Bxa5 Rxa5 47.Rg5 Ra2+ 48.Kf1 Ra1+ 49.Kg2 Ra2+ 50.Kf1 Ra1+ 51.Kg2 Ra2+
52.Kf1  1/2-1/2

[Event "XLII Rilton Cup"]
[Site "Stockholm SWE"]
[Date "2013.01.04"]
[Round "8.2"]
[White "Krasenkow,M"]
[Black "Volodin,Alek"]
[Result "1-0"]
[WhiteElo "2628"]
[BlackElo "2506"]

1.d4 Nf6 2.Nf3 c5 3.d5 d6 4.c4 b5 5.Qc2 g6 6.e4 bxc4 7.Bxc4 Bg7 8.O-O O-O
9.h3 Ba6 10.Na3 Bxc4 11.Nxc4 Nbd7 12.Bg5 Nb6 13.Nfd2 Nxc4 14.Nxc4 Nd7 15.Rab1 Nb6
16.b3 Qd7 17.f4 Nxc4 18.bxc4 Rab8 19.f5 Be5 20.Bh6 Bg7 21.Bxg7 Kxg7 22.Rb3 Rxb3
23.Qxb3 Qc7 24.Rb1 Qa5 25.Qc2 Rc8 26.Kf2 Qa6 27.Rb5 Qa3 28.Rb7 Re8 29.Rb3 Qa4
30.Ke2 f6 31.Kd3 Qd7 32.Ke3 Kf7 33.Kf2 Qa4 34.Qe2 Rg8 35.Kg1 Qa6 36.Kh2 Qc8
37.Qg4 Kf8 38.Qf4 Rg7 39.a4 Kf7 40.a5 Rg8 41.Qh6 Rg7 42.a6 gxf5 43.Qh5+ Kg8
44.Qxf5  1-0

[Event "XLII Rilton Cup"]
[Site "Stockholm SWE"]
[Date "2013.01.05"]
[Round "9.2"]
[White "Rombaldoni,Ax"]
[Black "Krasenkow,M"]
[Result "0-1"]
[WhiteElo "2464"]
[BlackElo "2628"]

1.e4 c5 2.Nf3 Nc6 3.d4 cxd4 4.Nxd4 Nf6 5.Nc3 e5 6.Ndb5 d6 7.Nd5 Nxd5 8.exd5 Nb8
9.c4 Be7 10.Be2 O-O 11.O-O a6 12.Nc3 f5 13.f3 Bg5 14.Bxg5 Qxg5 15.Qc1 Qf6
16.b4 a5 17.a3 axb4 18.axb4 Rxa1 19.Qxa1 Na6 20.Nb5 Bd7 21.Qa5 e4 22.fxe4 Qb2
23.Bh5 g6 24.Qb6 Bxb5 25.cxb5 Qxb4 26.Be2 Nc5 27.Qxd6 Qd4+ 28.Kh1 Nxe4 29.Qe6+ Kg7
30.g3 Rf6 31.Qe7+ Rf7 32.Qe6 Ng5  0-1

[Event "Vladimir Petrov Memorial"]
[Site "Jurmala LAT"]
[Date "2013.02.16"]
[Round "7.5"]
[White "Krasenkow,M"]
[Black "Fier,A"]
[Result "1/2-1/2"]
[WhiteElo "2643"]
[BlackElo "2577"]

1.d4 Nf6 2.c4 g6 3.Nc3 Bg7 4.e4 O-O 5.h3 d6 6.Be2 c5 7.d5 e6 8.Bg5 exd5 9.exd5 h6
10.Be3 Re8 11.Qd2 Kh7 12.Nf3 Bf5 13.O-O Ne4 14.Nxe4 Bxe4 15.Rae1 Nd7 16.Bf4 Qf6
17.b3 Qc3 18.Qxc3 Bxc3 19.Rc1 Bb2 20.Rcd1 Ne5 21.Nxe5 Bxe5 22.Bxe5 Rxe5 23.Rfe1 Rae8
24.Bf1 g5 25.f3 Bg6 26.Rxe5 Rxe5 27.Kf2 Kg7 28.Bd3 f5 29.g3 Kf6 30.f4 Re7
31.a3 Bh5 32.Rb1 gxf4 33.gxf4 Bf7 34.b4 cxb4 35.axb4 b5 36.c5 Bxd5 37.cxd6 Rd7
38.Bxb5 Rxd6 39.Rd1 Ke6 40.Bd3 Be4 41.Bc4+ Ke7 42.Ra1 Rd4 43.Rxa7+ Kd8 44.Be6 Rxb4
45.Rh7 Ra4 46.Rxh6 Ra3 47.Rh4 Ke7 48.Bc4 Rf3+ 49.Ke2 Rc3 50.Ba6 Kf6 51.Kd2 Ra3
52.Bf1 Kg7 53.Rh5 Rf3 54.Be2 Rf2 55.Ke3 Rh2 56.h4 Kf6 57.Bc4 Rh1 58.Rh8 Kg7
59.Rh5 Kf6 60.Rh7 Kg6 61.Bg8 Bc2 62.Kd4 Bd1 63.Rc7 Bg4 64.Bf7+ Kf6 65.Be8 Rd1+
66.Kc5 Rc1+ 67.Kd6 Rd1+ 68.Kc5 Rc1+ 69.Kb6 Rb1+ 70.Ka7 Rb4 71.h5 Rxf4 72.h6 Bf3
73.h7 Rh4 74.Rf7+ Ke5 75.Rg7 f4 76.Rg5+ Kf6 77.Rh5 Rxh5 78.Bxh5 Kg7  1/2-1/2

[Event "Vladimir Petrov Memorial"]
[Site "Jurmala LAT"]
[Date "2013.02.16"]
[Round "8.5"]
[White "Gleizerov,E"]
[Black "Krasenkow,M"]
[Result "1/2-1/2"]
[WhiteElo "2546"]
[BlackElo "2643"]

1.d4 Nf6 2.c4 g6 3.Nc3 d5 4.cxd5 Nxd5 5.Bd2 Nb6 6.Nf3 Bg7 7.Rc1 Nc6 8.e3 O-O
9.Bb5 e5 10.Bxc6 exd4 11.Be4 dxc3 12.Bxc3 Qxd1+ 13.Kxd1 Bxc3 14.Rxc3 c6 15.Nd4  1/2-1/2

[Event "Vladimir Petrov Memorial"]
[Site "Jurmala LAT"]
[Date "2013.02.17"]
[Round "14.6"]
[White "Shirov,A"]
[Black "Krasenkow,M"]
[Result "1/2-1/2"]
[WhiteElo "2709"]
[BlackElo "2643"]

1.e4 c5 2.Nf3 Nc6 3.d4 cxd4 4.Nxd4 Nf6 5.Nc3 e5 6.Ndb5 d6 7.Bg5 a6 8.Na3 b5
9.Nd5 Be7 10.Bxf6 Bxf6 11.c4 b4 12.Nc2 O-O 13.g3 Bg5 14.h4 Bh6 15.Bh3 Be6
16.Kf1 Qa5 17.Kg2 Qc5 18.b3 Ra7 19.Qd3 a5 20.Rhf1 Bxd5 21.exd5 Ne7 22.a3 bxa3
23.Rxa3 g6 24.Rfa1 Rfa8 25.Rxa5 Rxa5 26.b4 Qc7 27.bxa5 Rxa5 28.Rxa5 Qxa5
29.Qa3 Qc7 30.Qa4 f5 31.Qb5 Kf7 32.Nb4 e4 33.Nc6 Bg7 34.g4 Bf6 35.gxf5 gxf5
36.h5 Kg7 37.Nxe7 Qxe7 38.Bxf5 Bd4 39.Qd7 Qxd7 40.Bxd7 e3  1/2-1/2

[Event "3rd Ferdynand Dziedzica Mem"]
[Site "Trzcianka POL"]
[Date "2013.03.03"]
[Round "1.2"]
[White "Wesolowska,K"]
[Black "Krasenkow,M"]
[Result "0-1"]
[WhiteElo "1735"]
[BlackElo "2643"]

1.e4 g6 2.d4 Bg7 3.Nf3 d6 4.Bc4 Nf6 5.Nc3 O-O 6.O-O Bg4 7.h3 Bxf3 8.Qxf3 Nc6
9.Be3 e5 10.d5 Ne7 11.Qe2 Nd7 12.f3 f5 13.Qd2 f4 14.Bf2 g5 15.Qe2 h5 16.Bb3 Nf6
17.Na4 Qd7 18.c4 g4 19.hxg4 hxg4 20.c5 g3 21.Be1 Qe8 22.Bxg3 fxg3 23.f4 Qg6
24.Qe3 exf4 25.Qxf4 Nxe4 26.Qe3 Qh5  0-1

[Event "3rd Ferdynand Dziedzica Mem"]
[Site "Trzcianka POL"]
[Date "2013.03.03"]
[Round "2.2"]
[White "Krasenkow,M"]
[Black "Stachowiak,S"]
[Result "1-0"]
[WhiteElo "2643"]
[BlackElo "2006"]

1.e4 e5 2.Nf3 Nc6 3.Bb5 a6 4.Ba4 Nf6 5.d4 Nxe4 6.Qe2 d5 7.Nxe5 b5 8.Nxc6 Qd6
9.Bb3 Qxc6 10.f3 Bf5 11.fxe4 Bxe4 12.O-O O-O-O 13.Rxf7 Qg6 14.Rf1 Bd6 15.Nc3 Rde8
16.Nxe4 Rxe4 17.Qd3 c6 18.Qh3+ Kc7 19.c3 Ree8 20.Bf4 Bxf4 21.Rxf4 Re2 22.Rf2 Rxf2
23.Kxf2 Rf8+ 24.Kg1 Qf6 25.Qg3+ Kb7 26.Bc2 h6 27.Bd3 g5 28.Rf1 Qe7 29.Qe5  1-0

[Event "3rd Ferdynand Dziedzica Mem"]
[Site "Trzcianka POL"]
[Date "2013.03.03"]
[Round "3.2"]
[White "Schmidt,Wl"]
[Black "Krasenkow,M"]
[Result "0-1"]
[WhiteElo "2370"]
[BlackElo "2643"]

1.d4 d6 2.Nf3 Nf6 3.c4 c6 4.Nc3 Bf5 5.e3 Nbd7 6.Bd3 Bxd3 7.Qxd3 e5 8.O-O Be7
9.e4 O-O 10.Be3 Qc7 11.Rfd1 Rfe8 12.Rac1 Bf8 13.d5 Ng4 14.Bd2 Qb6 15.Qe2 Rac8
16.h3 Ngf6 17.Be3 Qa6 18.dxc6 bxc6 19.b4 Nb6 20.Nd2 Na4 21.Qd3 Nb2 22.Qc2 Nxd1
23.Qxd1 d5  0-1

[Event "3rd Ferdynand Dziedzica Mem"]
[Site "Trzcianka POL"]
[Date "2013.03.03"]
[Round "4.2"]
[White "Krasenkow,M"]
[Black "Drozdowski,K"]
[Result "1-0"]
[WhiteElo "2643"]
[BlackElo "2432"]

1.c4 Nf6 2.Nf3 g6 3.Nc3 d5 4.cxd5 Nxd5 5.Qa4+ Nc6 6.Nxd5 Qxd5 7.e4 Qa5 8.Qxa5 Nxa5
9.d4 Bg7 10.Bf4 c5 11.Bb5+ Bd7 12.Bxd7+ Kxd7 13.dxc5 Rhc8 14.Rd1+ Ke8 15.b4 Nc6
16.a3 a5 17.b5 Nd8 18.c6 bxc6 19.b6 Nb7 20.a4 Rd8 21.Bc7 Rxd1+ 22.Kxd1 Kd7
23.Ke2 Re8 24.Rd1+ Kc8 25.Rc1 Kd7 26.Nd2 c5 27.Nb3 Kc6 28.Rc2 h5 29.Kd3 h4
30.h3 Ra8 31.Ke2 Re8 32.Kf3 g5 33.Kg4 Rg8 34.g3 hxg3 35.fxg3  1-0

[Event "3rd Ferdynand Dziedzica Mem"]
[Site "Trzcianka POL"]
[Date "2013.03.03"]
[Round "6.6"]
[White "Krasenkow,M"]
[Black "Szczepinski,M"]
[Result "1-0"]
[WhiteElo "2643"]
[BlackElo "2325"]

1.Nf3 Nf6 2.c4 g6 3.Nc3 Bg7 4.e4 d6 5.d4 O-O 6.h3 e5 7.d5 a5 8.Bg5 Na6 9.Be2 Qe8
10.Nd2 Nc5 11.h4 h6 12.Be3 c6 13.dxc6 Qxc6 14.Qc2 Ne6 15.Nd5 Re8 16.Nxf6+ Bxf6
17.Bxh6 b5 18.Rc1 Nd4 19.Qd1 b4 20.Bg4 Ne6 21.Be3 Nc5 22.Kf1 Ba6 23.h5 Rad8
24.hxg6 fxg6 25.Qf3 d5 26.Bxc5 Bg5 27.Qh3 Qf6 28.Qh7+  1-0

[Event "3rd Ferdynand Dziedzica Mem"]
[Site "Trzcianka POL"]
[Date "2013.03.03"]
[Round "7.3"]
[White "Grabarczyk,M"]
[Black "Krasenkow,M"]
[Result "0-1"]
[WhiteElo "2452"]
[BlackElo "2643"]

1.d4 d6 2.Nf3 Nf6 3.g3 c6 4.c4 Bf5 5.Nc3 Nbd7 6.Bg2 e5 7.O-O Be7 8.Nh4 Bg6
9.Nxg6 hxg6 10.d5 c5 11.a3 Nh5 12.e4 Bg5 13.Bxg5 Qxg5 14.Qb3 b6 15.Nb5 Ke7
16.a4 a5 17.Rae1 Nhf6 18.h4 Qh5 19.Qe3 Ng4 20.Qe2 g5 21.f3 Ngf6 22.f4 gxf4
23.gxf4 Qxh4 24.f5 Nh5 25.Rf3 Nf4 26.Qf2 Nf6 27.Rxf4 Qxf4  0-1

[Event "3rd Ferdynand Dziedzica Mem"]
[Site "Trzcianka POL"]
[Date "2013.03.03"]
[Round "9.2"]
[White "Kovalenko,I"]
[Black "Krasenkow,M"]
[Result "1-0"]
[WhiteElo "2596"]
[BlackElo "2643"]

1.d4 Nf6 2.c4 g6 3.f3 d5 4.cxd5 Nxd5 5.e4 Nb6 6.Nc3 Bg7 7.Be3 O-O 8.Qd2 Nc6
9.O-O-O f5 10.h4 fxe4 11.h5 gxh5 12.Rxh5 Bf5 13.fxe4 Bg4 14.Rg5 Bxd1 15.Qxd1 Kh8
16.Nf3 e6 17.Rh5 Qe8 18.Ng5 h6 19.Bd3 Nb4 20.Be2 Qg6 21.Qh1 Rad8 22.Nf3 Kh7
23.Ne5 Qf6 24.Ng4 Qg6 25.Nxh6 Bf6 26.Nf5+ Kg8 27.Rh8+ Kf7 28.Rh6 Rh8 29.Bh5  1-0

[Event "Jersey Masters 2013"]
[Site "St Clement Bay JCI"]
[Date "2013.03.06"]
[Round "1"]
[White "Krasenkow,M"]
[Black "Hadi,Justin"]
[Result "1-0"]
[WhiteElo "2643"]
[BlackElo "2068"]

1.e4 c5 2.Nc3 e6 3.Nge2 Nc6 4.g3 a6 5.Bg2 Nf6 6.O-O Qc7 7.f4 d6 8.d3 Be7
9.h3 Rb8 10.g4 Nd7 11.f5 b5 12.Nf4 Nde5 13.Nce2 b4 14.a3 a5 15.axb4 axb4
16.c3 b3 17.d4 cxd4 18.cxd4 Nc4 19.fxe6 fxe6 20.Nh5 Rg8 21.Qd3 g6 22.Nf6+ Bxf6
23.Rxf6 Nb4 24.Qf3 Nc2 25.Rb1 Qg7 26.e5 d5 27.Qc3 Qa7 28.Bh6 Qa2 29.Rbf1 Qxb2
30.Qd3 Qa3 31.Bg5 Qa7 32.Qxc4 dxc4 33.Bc6+ Kd8 34.Rf7+  1-0

[Event "Jersey Masters 2013"]
[Site "St Clement Bay JCI"]
[Date "2013.03.08"]
[Round "4"]
[White "Trent,L"]
[Black "Krasenkow,M"]
[Result "0-1"]
[WhiteElo "2427"]
[BlackElo "2643"]

1.e4 g6 2.Nc3 Bg7 3.f4 c6 4.Nf3 d5 5.e5 Nh6 6.Be2 Bg4 7.Ng5 Bxe2 8.Qxe2 Qb6
9.e6 f6 10.Nf3 Na6 11.d4 O-O-O 12.O-O Nc7 13.Re1 Rd6 14.Na4 Qb5 15.Qxb5 cxb5
16.Nc3 b4 17.Na4 Rxe6 18.Bd2 Rc6 19.Bxb4 e6 20.Rac1 b6 21.b3 Rd8 22.Nb2 a5
23.Bd2 Bf8 24.c4 Ba3 25.cxd5 Rxc1 26.Bxc1 Bxb2 27.Bxb2 exd5 28.a4 Kd7 29.h3 Ne6
30.g4 Nxf4 31.Bc1 Nd3 32.Bxh6 Nxe1 33.Nxe1 g5 34.h4 Rc8 35.hxg5 fxg5 36.Nf3 Rc3
37.Kg2 Rxb3 38.Nxg5 b5 39.axb5 a4 40.Bf8 h6 41.Nf3 a3 42.Bxa3 Rxa3 43.Nh4 Ke6
44.Nf5 Kf6 45.Nxh6 Kg5 46.Nf5 Kxg4 47.Ne7 Ra2+ 48.Kg1 Kg3 49.Kf1 Kf3 50.Kg1 Ke4  0-1

[Event "Jersey Masters 2013"]
[Site "St Clement Bay JCI"]
[Date "2013.03.08"]
[Round "5"]
[White "Krasenkow,M"]
[Black "Rozentalis,E"]
[Result "0-1"]
[WhiteElo "2643"]
[BlackElo "2616"]

1.Nf3 e6 2.c4 b6 3.e4 Bb7 4.Nc3 Bb4 5.Bd3 Ne7 6.O-O O-O 7.Ne2 f5 8.Qc2 a5
9.Nfd4 fxe4 10.Bxe4 Bxe4 11.Qxe4 Nbc6 12.Nxc6 Nxc6 13.d4 Qf6 14.Be3 Bd6 15.f4 Qf5
16.Ng3 Qxe4 17.Nxe4 Nb4 18.Rad1 Be7 19.a3 Nc2 20.Bc1 d5 21.cxd5 exd5 22.Nc3 c6
23.Rd2 Na1 24.Rd3 a4 25.Be3 Nc2 26.Bf2 b5 27.Rc1 Nxa3 28.Re1 Nc4 29.Rxe7 b4
30.Nxa4 Rxa4 31.b3 Ra1+ 32.Re1 Rfa8 33.bxc4 dxc4 34.Rdd1 Rxd1 35.Rxd1 b3
36.Be1 Ra2 37.Bb4 Rc2 38.g4 b2 39.Ba3 c3 40.f5 h6 41.h4 Rd2 42.Re1 Rxd4 43.g5 hxg5
44.hxg5 Re4 45.Rd1 Kf7 46.Kf2 Rf4+ 47.Ke3 Rxf5 48.Rg1 Ra5 49.g6+ Ke6  0-1

[Event "Jersey Masters 2013"]
[Site "St Clement Bay JCI"]
[Date "2013.03.09"]
[Round "6"]
[White "Clark,IC"]
[Black "Krasenkow,M"]
[Result "0-1"]
[WhiteElo "2046"]
[BlackElo "2643"]

1.e4 g6 2.d4 Bg7 3.Nf3 d6 4.Nc3 Nf6 5.Be2 O-O 6.O-O c6 7.a4 a5 8.Bg5 Na6
9.Qd2 Bg4 10.Rad1 Qc7 11.Rfe1 Rfd8 12.Qc1 Nb4 13.h3 Bxf3 14.Bxf3 e5 15.d5 h6
16.Bxh6 Bxh6 17.Qxh6 Nxc2 18.Rf1 Qe7 19.Qd2 Nd4 20.Be2 cxd5 21.exd5 Rac8
22.Rfe1 Rc5 23.Bf1 Nxd5 24.Nxd5 Rxd5 25.Qc3 Qg5 26.b4 axb4 27.Qxb4 Rd7 28.Kh1 Qf4
29.Qb2 Rc7 30.Bd3 Nf3 31.g3 Qxa4 32.Ra1 Qd7  0-1

[Event "Jersey Masters 2013"]
[Site "St Clement Bay JCI"]
[Date "2013.03.09"]
[Round "7"]
[White "Hebden,M"]
[Black "Krasenkow,M"]
[Result "1/2-1/2"]
[WhiteElo "2518"]
[BlackElo "2643"]

1.d4 Nf6 2.Nf3 g6 3.Nc3 d5 4.Bf4 Bg7 5.e3 Bg4 6.Qd3 c6 7.Ne5 Bf5 8.Qd2 Nfd7
9.Nxd7 Nxd7 10.Bd3 Bxd3 11.cxd3 O-O 12.O-O e5 13.dxe5 Bxe5 14.Bxe5 Nxe5 15.Ne2 a5
16.b3 Qd6 17.h3 f5 18.Rad1 Nd7 19.Qc3 Rf7 20.Nd4 f4 21.exf4 Rxf4 22.Ne2 Rf7
23.Rde1 c5 24.d4 b6 25.Qg3 Qxg3 26.Nxg3 a4 27.Re6 axb3 28.axb3 cxd4 29.Rd1 d3
30.Rd6 Ra2 31.f3 Ne5 32.Rxd5 Rxf3 33.gxf3  1/2-1/2